000 00347nam a2200145Ia 4500
008 150301s2014 xx 000 0 und d
082 _a616.07
_bR14H
100 _aHODA, SYED A.
245 _aROSEN'S BREST PATHOLOGY
250 _a4TH
260 _bWOLTERS KLUWER
_aPHILADELPHIA
_c2014
300 _a1379
650 _aPATHOLOGY
942 _2ddc
_cBK
999 _c6690
_d6690